Vocación y misión de los laicos en la Iglesia y en el mundo veinte años después del Concilio Vaticano II

Guardat en:
Dades bibliogràfiques
Autor corporatiu: Sínodo de Obispos (Autor)
Format: Llibre
Idioma:espanyol
Publicat: Ciudad del Vaticano Salesiana 1987
Edició:1a. ed
Matèries:
Etiquetes: Afegir etiqueta
Sense etiquetes, Sigues el primer a etiquetar aquest registre!

MARC

LEADER 00000cam a2200000 a 4500
001 UCD4946
003 CL-VaPUC
008 160731e19870000vc |||||||||||||||||spa|d
082 0 4 |a 262.15  |b SIN  |2 21 
110 2 |a Sínodo de Obispos  |e author  |9 588665 
245 1 0 |a Vocación y misión de los laicos en la Iglesia y en el mundo veinte años después del Concilio Vaticano II 
250 |a 1a. ed 
300 |a 64 p 
942 |c BK 
945 |d 20160731 21:25:00  |a dcastane 
260 |a Ciudad del Vaticano  |b Salesiana  |c 1987 
650 0 |a Laicismo  |9 313856 
650 0 |a Educación religiosa   |9 308312 
650 0 |a Concilio Vaticano II  |9 258399 
583 |a last modification  |c 20160731 21:25:00  |k Rodrigo Vera 
999 |c 365733  |d 365731 
952 |0 0  |1 0  |3 erb  |4 0  |6 262_150000000000000_SIN_1987  |7 0  |8 A  |9 479680  |a BIBTEO  |b BIBTEO  |e Villagrán Garnham, Jorge  |i 5317789  |o 262.15 SIN 1987  |p 5317789  |r 2025-01-17  |w 2019-11-24  |y BK  |z Catalogado en:20160731  |k ICR